| Tag |
First Indicator |
Second Indicator |
Subfields |
| LEADER |
00000cam a2200000 i 4500 |
| 001 |
in00004792184 |
| 003 |
OCoLC |
| 005 |
20240621153445.8 |
| 008 |
240124t20242024enk b 000 0 eng d |
| 035 |
|
|
|a (OCoLC)1417393859
|
| 040 |
|
|
|a YDX
|e rda
|c YDX
|d COO
|d BWK
|
| 020 |
|
|
|a 9781009479394
|q hardcover
|
| 020 |
|
|
|a 1009479393
|q hardcover
|
| 020 |
|
|
|a 9781009096379
|q paperback
|
| 020 |
|
|
|a 1009096370
|q paperback
|
| 020 |
|
|
|z 9781009089739
|q electronic book
|
| 050 |
|
4 |
|a BD237
|b .B55 2024
|
| 082 |
0 |
|
|a 121/.4
|2 23/eng/20240315
|
| 100 |
1 |
|
|a Bliss, Ricki,
|e author.
|
| 245 |
1 |
0 |
|a Grounding, fundamentality and ultimate explanations /
|c Ricki Bliss.
|
| 264 |
|
1 |
|a Cambridge ;
|a New York :
|b Cambridge University Press,
|c [2024].
|
| 264 |
|
4 |
|c ©2024.
|
| 300 |
|
|
|a 72 pages ;
|c 24 cm.
|
| 336 |
|
|
|a text
|b txt
|2 rdacontent
|
| 337 |
|
|
|a unmediated
|b n
|2 rdamedia
|
| 338 |
|
|
|a volume
|b nc
|2 rdacarrier
|
| 490 |
1 |
|
|a Cambridge elements. Elements in metaphysics
|
| 504 |
|
|
|a Includes bibliographical references (pages [68]-72).
|
| 505 |
0 |
|
|a Groundwork : grounding and fundamentality -- Ultimate explanations : an idea and its history -- The metaphysics of fundamentality -- The epistemology of fundamentality : regresses, virtues and other desiderata -- Fundamentality : some misgivings and its alternatives.
|
| 520 |
|
|
|a There is a long lineage of philosophers concerned with coming to understand what explains everything broadly construed, or within a certain, restricted domain. We call such explanations ultimate explanations. Contemporarily, philosophers of a certain stripe have devoted much attention to the notion of fundamentality, that there is something which is without explanation. This Element explores some of the connections between fundamentality and ultimate explanations both contemporarily and historically.
|
| 650 |
|
0 |
|a Grounding (Philosophy)
|
| 650 |
|
0 |
|a Explanation.
|
| 830 |
|
0 |
|a Cambridge elements.
|p Elements in metaphysics.
|
| 945 |
|
|
|b 87639
|
| 947 |
|
|
|a A14852491779
|
| 948 |
|
|
|a dmitchel 6/21/24 10.30.20
|
| 980 |
|
|
|b print
|c 40032276372
|f NONFIC/B
|g 565714
|k USD
|m 51.99
|q 1
|s AcqMono Conventional
|t Approval plan
|u Vendor order reference number
|v ZYBP
|y Print approval
|z Physical resource
|
| 999 |
f |
f |
|i 18fb99e7-22c8-45da-bed0-7940f212b9cf
|s 3aa0654d-75bd-46fe-a21e-101dce296869
|t 0
|
| 952 |
f |
f |
|p normal
|a Texas A&M University
|b College Station
|c Sterling C. Evans Library
|d Evans: Library Stacks
|t 0
|e BD237 .B55 2024
|h Library of Congress classification
|i unmediated -- volume
|m A14852491779
|
| 998 |
f |
f |
|a BD237 .B55 2024
|t 0
|l Evans: Library Stacks
|